000 01162cam a22003497a 4500
003 CHAP
005 20220329133218.0
008 971013s1991 r 00010 d
010 _a3443
011 _a4415
035 _a3618
040 _cCHAP
090 _aTesis
100 0 0 _aGutiérrez Cigarroa, Marco Antonio.
_951652
245 0 _aImportancia del refinanciamiento automático como alternativa en la evaluación de un proyecto ganadero
260 _aChapingo, Méx. :
_bEl autor,
_c1991
300 _a[116] h
500 _aD50-10
502 _aTesis (Ing. Agr. Esp. en Suelos) -- UACH. Departamento de Suelos
590 _aALEPH
_b10
_c20130110
_lUCH01
_h1215
590 _aBATCH-UPD
_b10
_c20130110
_lUCH01
_h1623
590 _aBATCH-UPD
_b10
_c20130410
_lUCH01
_h1017
590 _aBATCH-UPD
_b10
_c20130914
_lUCH01
_h1104
590 _aCONVERSION
_b10
_c20130109
_lUCH01
_h1303
650 4 _aGanado vacuno
_xCría de.
_945451
650 1 4 _aCrédito ganadero.
_929104
650 1 4 _aGanado de carne.
_945067
650 1 4 _aGanado vacuno
_xAspectos económicos.
_945436
901 _aBK
942 _cTESIS
949 _bBC
_cTES
_d-13142
_eTS1
_h24315
_i3618
_si
999 _c3443
_d3443